| 000 | 00541nam a2200205 a 4500 | ||
|---|---|---|---|
| 001 | BRCA_6685 | ||
| 005 | 20190320205543.0 | ||
| 008 | 141011s1910----gw-#######---#000-0#ger-# | ||
| 041 | _ager | ||
| 044 | _agw | ||
| 050 | 4 |
_aPT2603 _b.A63 B5 1910 |
|
| 100 | 1 |
_aBartsch, Rudolf Hans _d1873. _916717 |
|
| 245 | 1 | 0 |
_aBittersüsse Liebesgeschichten. _cvon Rudolf Hans Bartsch. |
| 260 |
_aBerlín, Viena _bAllstein _c[1910] |
||
| 300 |
_a249 p. _c15 cm. |
||
| 500 | _aL1 | ||
| 650 | 1 | 4 |
_aLiteratura Alemana _96160 |
| 902 | _aGFM | ||
| 942 |
_2lcc _cB |
||
| 999 |
_c6368 _d6368 |
||